| 000 | 00652nam a2200217Ia 4500 | ||
|---|---|---|---|
| 003 | GCL | ||
| 008 | 140319s9999 xx 000 0 ara d | ||
| 040 |
_aGCL / _cGCL |
||
| 082 | 0 | 4 |
_aم _b803 _bم م |
| 100 | 1 | _aمجدى وهبة | |
| 245 | 1 | 0 |
_aمعجم مصطلحات الادب انجليزى - فرنسى - عربى / _cمجدى وهبة |
| 260 |
_a[S.N] : _bمكتبة لبنان ، _c1994 |
||
| 300 | _a703 ص | ||
| 650 | 0 | 4 | _aالادب العربى |
| 650 | 0 | 4 | _aالادب |
| 650 | 0 | 4 | _aالادب الفرنسى |
| 650 | 0 | 4 | _aالادب الانجليزى |
| 650 | 0 | 4 | _aالمعاجم |
| 650 | 0 | 4 | _aمصطلحات |
| 942 |
_2ddc _cREF |
||
| 999 |
_c59570 _d59570 |
||